000 00521nam a2200181Ia 4500
999 _c31701
_d31701
003 OSt
005 20200724132032.0
008 190216s9999||||xx |||||||||||||| ||und||
020 _a9788173194658
040 _coclc
082 _a515.7
_bRAO/F
100 _aRao, K Chandrasekhara
_93720
245 0 _aFunctional Analysis /
_c K Chandrasekhara Rao
260 _bNarosa Pubs House,
_c2002.
_aNew Delhi:
300 _a254p
650 _aMathematics
942 _cBK
_2ddc
_h515.7
_iRAO/F
_k515.7
_mRAO/F